[Event "EU-Cup Online Gr-C (Women)"]
[Site "Tornelo INT"]
[Date "2020.12.19"]
[Round "2.2"]
[White "Jaufarally, Nadia"]
[Black "Kurapova, Olga"]
[Result "1-0"]
[WhiteElo "1905"]
[BlackElo "1927"]
[PlyCount "81"]
[EventDate "2020.12.19"]
[EventType "team-tourn (rapid)"]
[EventRounds "7"]
[EventCountry "ISS"]
[SourceTitle "CBM 199 Extra"]
[Source "ChessBase"]
[SourceDate "2021.01.31"]
[SourceVersion "1"]
[SourceVersionDate "2021.01.31"]
[SourceQuality "1"]
[WhiteTeam "Wood Green England (W)"]
[BlackTeam "Gonzen (W)"]
[WhiteTeamCountry "ENG"]
[BlackTeamCountry "SUI"]

1. e4 e5 2. Nf3 Nc6 3. Bc4 Bc5 4. d3 Nf6 5. c3 a6 6. Bb3 d6 7. h3 h6 8. 0-0 0-0 9. Re1 Re8 10. Nbd2 Be6 11. Bc2 d5 12. exd5 Bxd5 13. Ne4 Nxe4 14. dxe4 Be6 15. Qe2 Qe7 16. Nh2 Qf6 17. Be3 Bxe3 18. Qxe3 Rad8 19. b3 g5 20. Bd1 Qg6 21. Bg4 h5 22. Bxe6 Rxe6 23. Nf1 Red6 24. Ng3 Rd3 25. Qc5 b6 26. Qc4 R8d7 27. Nf5 Qf6 28. Ne3 Na5 29. Qxa6 Rd2 30. Re2 Rxe2 31. Qxe2 Qg6 32. Nd5 Nc6 33. Rd1 Kg7 34. f3 f6 35. Ne3 Rxd1+ 36. Qxd1 Qf7 37. Qd5 Qe8 38. Nf5+ Kg6 39. Qxc6 Qd8 40. Kh2 Kf7 41. Qd5+ 1-0

[Event "Wch FIDE Online U16 Girls Europe qual"]
[Site "Tornelo INT"]
[Date "2020.12.08"]
[Round "3"]
[White "Jaufarally, Nadia"]
[Black "Ciolacu, Alessia Mihaela"]
[Result "0-1"]
[WhiteElo "1613"]
[BlackElo "1906"]
[PlyCount "94"]
[EventDate "2020.12.07"]
[EventType "swiss (rapid)"]
[EventRounds "7"]
[EventCountry "ISS"]
[SourceTitle "EXT 2022"]
[Source "ChessBase"]
[SourceDate "2021.10.06"]
[SourceVersion "1"]
[SourceVersionDate "2021.10.06"]
[SourceQuality "1"]

1. e4 e5 2. Nf3 Nc6 3. Bc4 Nf6 4. d3 h6 5. c3 d6 6. h3 g6 7. 0-0 Bg7 8. Bb3 0-0 9. Re1 a6 10. a4 d5 11. Nbd2 Be6 12. exd5 Nxd5 13. Nc4 Nf4 14. Nfxe5 Nxe5 15. Nxe5 Bxe5 16. Bxe6 fxe6 17. Rxe5 Nxd3 18. Rxe6 Nxc1 19. Qxc1 Qh4 20. Rxg6+ Kh7 21. Rg3 Rxf2 22. Qb1+ Kh8 23. Qg6 Qf6 24. Qh5 Rf8 25. Rg6 Rf1+ 26. Rxf1 Qxf1+ 27. Kh2 Qf4+ 28. Rg3 Rg8 29. Qf3 Qd6 30. Qe3 Rg7 31. Qe8+ Kh7 32. Qe4+ Kh8 33. Qe8+ Kh7 34. Qe4+ Kh8 35. Qf3 Kg8 36. Qe3 Kf7 37. Qf3+ Ke7 38. Qe4+ Kf8 39. Qf5+ Kg8 40. Qe4 Qxg3+ 41. Kh1 Qg6 42. Qxb7 Kh7 43. Qd5 Re7 44. Kh2 Qd6+ 45. Qxd6 cxd6 46. b4 Re3 47. b5 axb5 0-1

[Event "EU-ch Online U16 Girls"]
[Site "Tornelo INT"]
[Date "2020.09.20"]
[Round "8"]
[White "Bardorz, Jana"]
[Black "Jaufarally, Nadia"]
[Result "1-0"]
[WhiteElo "1960"]
[BlackElo "1613"]
[PlyCount "65"]
[EventDate "2020.09.18"]
[EventType "swiss (rapid)"]
[EventRounds "9"]
[EventCountry "NET"]
[SourceTitle "EXT 2023"]
[Source "ChessBase"]
[SourceDate "2022.10.05"]
[SourceVersion "1"]
[SourceVersionDate "2022.10.05"]
[SourceQuality "1"]
[WhiteTeam "Germany"]
[BlackTeam "England"]
[WhiteTeamCountry "GER"]
[BlackTeamCountry "ENG"]

1. e4 c5 2. Nf3 d6 3. d4 cxd4 4. Nxd4 Nf6 5. Nc3 a6 6. f4 Nc6 7. Be2 Qb6 8. Be3 Qxb2 9. Na4 Qa3 10. c3 b5 11. Nxc6 bxa4 12. Qd4 Bb7 13. Na5 Bxe4 14. 0-0 d5 15. Bd1 Nd7 16. Bxa4 Qb2 17. Bf2 e6 18. Nc4 Qb7 19. Ne5 Rd8 20. Nxd7 Rxd7 21. Rfe1 f6 22. Rxe4 dxe4 23. Rd1 Be7 24. Qxd7+ Qxd7 25. Rxd7 Ba3 26. Rxg7+ Kf8 27. Ra7 h5 28. Bd4 Rh6 29. Rxa6 f5 30. Bb3 Bc1 31. Rxe6 Rxe6 32. Bxe6 Bxf4 33. Bxf5 1-0

[Event "EU-ch Online U16 Girls"]
[Site "Tornelo INT"]
[Date "2020.09.20"]
[Round "7"]
[White "Jaufarally, Nadia"]
[Black "Dereka, Konstantina"]
[Result "1-0"]
[WhiteElo "1613"]
[BlackElo "1271"]
[PlyCount "87"]
[EventDate "2020.09.18"]
[EventType "swiss (rapid)"]
[EventRounds "9"]
[EventCountry "NET"]
[SourceTitle "EXT 2023"]
[Source "ChessBase"]
[SourceDate "2022.10.05"]
[SourceVersion "1"]
[SourceVersionDate "2022.10.05"]
[SourceQuality "1"]
[WhiteTeam "England"]
[BlackTeam "Greece"]
[WhiteTeamCountry "ENG"]
[BlackTeamCountry "GRE"]

1. e4 Nf6 2. e5 Nd5 3. d4 d6 4. Nf3 Bg4 5. Be2 c6 6. 0-0 Bxf3 7. Bxf3 dxe5 8. dxe5 e6 9. Qe2 Nd7 10. c4 Ne7 11. b3 Ng6 12. Bb2 Bb4 13. a3 Ba5 14. Bh5 Qh4 15. g3 Qe7 16. b4 Bc7 17. Re1 Qg5 18. Kh1 0-0 19. Nd2 Qe7 20. f4 Rfd8 21. Ne4 Nb6 22. Rac1 Qe8 23. Qg4 a5 24. Ng5 axb4 25. axb4 Ra2 26. Ba1 Rdd2 27. Nf3 Rf2 28. Bd4 Rg2 29. f5 exf5 30. Qxf5 Qd7 31. e6 fxe6 32. Rxe6 Qf7 33. Bxg6 hxg6 34. Qxg6 Qxg6 35. Rxg6 Rgc2 36. Rxg7+ Kf8 37. Rxc2 Rxc2 38. Rxc7 Rc1+ 39. Kg2 Nxc4 40. Bc5+ Ke8 41. Rxb7 Rc2+ 42. Kh3 Rc3 43. Nd4 Ne5 44. Re7+ 1-0

[Event "EU-ch Online U16 Girls"]
[Site "Tornelo INT"]
[Date "2020.09.18"]
[Round "1"]
[White "Jaufarally, Nadia"]
[Black "Mkrtchyan, Mariam"]
[Result "1-0"]
[WhiteElo "1613"]
[BlackElo "1959"]
[PlyCount "85"]
[EventDate "2020.09.18"]
[EventType "swiss (rapid)"]
[EventRounds "9"]
[EventCountry "NET"]
[SourceTitle "EXT 2023"]
[Source "ChessBase"]
[SourceDate "2022.10.05"]
[SourceVersion "1"]
[SourceVersionDate "2022.10.05"]
[SourceQuality "1"]
[WhiteTeam "England"]
[BlackTeam "Armenia"]
[WhiteTeamCountry "ENG"]
[BlackTeamCountry "ARM"]

1. e4 c6 2. d4 d5 3. Nc3 dxe4 4. Nxe4 Nf6 5. Nxf6+ exf6 6. c3 Bd6 7. Bd3 0-0 8. Qc2 Re8+ 9. Ne2 h6 10. Be3 Be6 11. 0-0 Qc7 12. h3 Nd7 13. c4 Nf8 14. Rac1 Rad8 15. Rfd1 a6 16. Kh1 Qb8 17. a3 g5 18. Nc3 Qc8 19. Ne4 Kg7 20. Qe2 Ng6 21. Qf3 f5 22. Nxd6 Rxd6 23. Qh5 Qd8 24. Rf1 Bc8 25. Bd2 Kh7 26. Bc3 Nf4 27. Qxf7+ Kh8 28. d5+ Rf6 29. Bxf6+ Qxf6 30. Qxf6+ Kg8 31. Bxf5 Rf8 32. Qxh6 Rxf5 33. dxc6 bxc6 34. Qxc6 Rf8 35. c5 Be6 36. Rcd1 Rf7 37. Qa8+ Kg7 38. Qxa6 Bf5 39. Qc4 Rf6 40. c6 Rh6 41. Rd7+ Kh8 42. Qd4+ Kg8 43. Qg7# 1-0

[Event "Newcastle Northumbria Masters"]
[Site "Newcastle on Tyne"]
[Date "2019.08.26"]
[Round "6"]
[White "Jaufarally, Nadia"]
[Black "Storey, Charles"]
[Result "0-1"]
[WhiteElo "1878"]
[BlackElo "2228"]
[PlyCount "102"]
[EventDate "2019.08.23"]
[EventType "swiss"]
[EventRounds "9"]
[EventCountry "ENG"]
[SourceTitle "EXT 2020"]
[Source "ChessBase"]
[SourceDate "2019.10.17"]
[SourceVersion "1"]
[SourceVersionDate "2019.10.17"]
[SourceQuality "1"]

1. e4 g6 2. d4 Bg7 3. Nc3 c5 4. dxc5 Bxc3+ 5. bxc3 Nc6 6. Be3 Nf6 7. f3 Qa5 8. Qd2 0-0 9. Bd3 Rd8 10. Ne2 d6 11. cxd6 Rxd6 12. c4 Qxd2+ 13. Bxd2 Ne5 14. Nf4 e6 15. Bc3 Nfd7 16. 0-0-0 Rc6 17. Ne2 Rc7 18. Rd2 Nxc4 19. Bxc4 Rxc4 20. Rhd1 Rc7 21. Rd6 b6 22. Bb2 Ba6 23. Nf4 Bb5 24. Nd3 Rac8 25. Rd2 Ba4 26. Ne1 Kf8 27. R6d4 Bb5 28. Ba3+ Ke8 29. Nd3 Bxd3 30. R4xd3 Ne5 31. Rb3 Nc4 32. Re2 Rd7 33. Bb2 Rcd8 34. Rd3 Rxd3 35. cxd3 Rxd3 36. Bf6 Kd7 37. Bg5 Kc6 38. Kc2 Ra3 39. Kb1 b5 40. Rc2 a6 41. Be7 Rd3 42. a4 Rd1+ 43. Ka2 Rd2 44. Rxd2 Nxd2 45. Bb4 Nf1 46. axb5+ Kxb5 47. Bd6 Ne3 48. g3 Nf1 49. g4 Nd2 50. f4 Nxe4 51. Be5 Nf2 0-1

[Event "EU-chT U18 Girls"]
[Site "Pardubice"]
[Date "2019.07.11"]
[Round "1.1"]
[White "Kucharska, Honorata"]
[Black "Jaufarally, Nadia"]
[Result "1-0"]
[WhiteElo "2054"]
[BlackElo "1944"]
[PlyCount "115"]
[EventDate "2019.07.11"]
[EventType "team-swiss"]
[EventRounds "7"]
[EventCountry "CZE"]
[SourceTitle "CBM 191 Extra"]
[Source "ChessBase"]
[SourceDate "2019.09.30"]
[SourceVersion "1"]
[SourceVersionDate "2019.09.30"]
[SourceQuality "1"]
[WhiteTeam "Poland U18 Girls II"]
[BlackTeam "England U18 Girls"]
[WhiteTeamCountry "CZE"]
[BlackTeamCountry "ENG"]

1. e4 c5 2. Nf3 g6 3. d4 cxd4 4. Nxd4 Nc6 5. c4 Nf6 6. Nc3 d6 7. Be2 Nxd4 8. Qxd4 Bg7 9. Be3 0-0 10. Qd2 Be6 11. Rc1 Qa5 12. f3 Rfc8 13. b3 a6 14. Na4 Qxd2+ 15. Kxd2 Nd7 16. g4 Rc6 17. h4 h6 18. Rhg1 Rd8 19. Nc3 Nc5 20. Nd5 Bxd5 21. exd5 Rcc8 22. f4 Ne4+ 23. Kd3 Nc5+ 24. Kc2 Ne4 25. h5 Nc3 26. Kd3 Nxa2 27. Rcf1 b5 28. Kd2 bxc4 29. Bxc4 Nb4 30. g5 hxg5 31. Rxg5 Bf6 32. Rg4 Kh7 33. hxg6+ fxg6 34. f5 g5 35. Bxg5 Kg7 36. Bxf6+ Kxf6 37. Rg6+ Kf7 38. Re6 Rh8 39. f6 Rh2+ 40. Kd1 exf6 41. Rexf6+ Kg7 42. Rxd6 a5 43. Rg1+ Kh8 44. Rg4 Rf8 45. Be2 Rc8 46. Rc4 Rg8 47. Kd2 Rg5 48. Rc8+ Kg7 49. Rc7+ Kh8 50. Rd8+ Rg8 51. Rxg8+ Kxg8 52. d6 Rh6 53. Bc4+ Kf8 54. Rc8+ Kg7 55. Rg8+ Kh7 56. Rd8 Rf6 57. Ke3 Kg6 58. d7 1-0

[Event "Basingstoke 4NCL Spring Bank 2nd"]
[Site "Basingstoke"]
[Date "2019.05.25"]
[Round "2"]
[White "Kett, Timothy"]
[Black "Jaufarally, Nadia"]
[Result "1-0"]
[WhiteElo "2208"]
[BlackElo "1945"]
[PlyCount "85"]
[EventDate "2019.05.24"]
[EventType "swiss"]
[EventRounds "7"]
[EventCountry "ENG"]
[SourceTitle "CBM 190 Extra"]
[Source "ChessBase"]
[SourceDate "2019.07.15"]
[SourceVersion "1"]
[SourceVersionDate "2019.07.15"]
[SourceQuality "1"]

1. e4 c5 2. c3 d5 3. exd5 Qxd5 4. d4 g6 5. Nf3 Bg7 6. Na3 a6 7. Bc4 Qe4+ 8. Be3 cxd4 9. Bxf7+ Kf8 10. Bc4 e5 11. 0-0 Nc6 12. Ng5 Qg4 13. f3 Qd7 14. Ne6+ Ke8 15. cxd4 b5 16. Nxg7+ Qxg7 17. Bd5 Bb7 18. dxe5 Rd8 19. Bg5 Nce7 20. Bxb7 Rxd1 21. Raxd1 Qxe5 22. f4 Qxb2 23. Nb1 Qxa2 24. Nc3 Qc4 25. Nd5 Qc5+ 26. Kh1 h6 27. Bxe7 Nxe7 28. Rfe1 Kf7 29. Rxe7+ Qxe7 30. Nxe7 Kxe7 31. Bxa6 Rb8 32. Rb1 b4 33. Bc4 Kd6 34. h4 Kc5 35. Bb3 Kd4 36. Rf1 Kc3 37. Rf3+ Kb2 38. h5 g5 39. fxg5 hxg5 40. g4 Ra8 41. h6 Rh8 42. Rh3 Re8 43. h7 1-0

[Event "Stevenage 4NCL Easter op"]
[Site "Stevenage"]
[Date "2019.04.22"]
[Round "7"]
[White "Stubbs, Oliver"]
[Black "Jaufarally, Nadia"]
[Result "0-1"]
[WhiteElo "1873"]
[BlackElo "1878"]
[PlyCount "76"]
[EventDate "2019.04.19"]
[EventType "swiss"]
[EventRounds "7"]
[EventCountry "ENG"]
[SourceTitle "CBM 189 Extra"]
[Source "ChessBase"]
[SourceDate "2019.06.03"]
[SourceVersion "1"]
[SourceVersionDate "2019.06.03"]
[SourceQuality "1"]

1. d4 Nf6 2. Bf4 c5 3. d5 d6 4. Nc3 e5 5. dxe6 Bxe6 6. e4 Nc6 7. Nf3 Be7 8. Be2 0-0 9. 0-0 Qd7 10. e5 dxe5 11. Nxe5 Nxe5 12. Bxe5 Rad8 13. Bf3 Nd5 14. Qe2 Nxc3 15. Bxc3 Bd6 16. a4 Qe7 17. Qe4 Bd5 18. Qxd5 Bxh2+ 19. Kxh2 Rxd5 20. Bxd5 Qd6+ 21. Kg1 Qxd5 22. Rad1 Qc6 23. a5 Re8 24. Rd3 h6 25. Rfd1 Re6 26. Rd8+ Kh7 27. R8d7 Rg6 28. R1d5 Qe6 29. R5d6 Qxd6 30. Rxd6 Rxd6 31. Kf1 f5 32. Ke2 g5 33. g3 Kg6 34. f3 h5 35. Ke1 f4 36. gxf4 gxf4 37. Kf2 Kf5 38. Kg2 Rg6+ 0-1

[Event "London Classic op 10th"]
[Site "London"]
[Date "2018.12.13"]
[Round "5"]
[White "Jaufarally, Nadia"]
[Black "Burrows, Martin P"]
[Result "0-1"]
[WhiteElo "1833"]
[BlackElo "2134"]
[PlyCount "70"]
[EventDate "2018.12.09"]
[EventType "swiss"]
[EventRounds "9"]
[EventCountry "ENG"]
[SourceTitle "CBM 187 Extra"]
[Source "ChessBase"]
[SourceDate "2018.11.04"]
[SourceVersion "1"]
[SourceVersionDate "2018.11.04"]
[SourceQuality "1"]

1. e4 c5 2. Nf3 d6 3. d4 cxd4 4. Nxd4 Nf6 5. Nc3 a6 6. Be2 e5 7. Nb3 Be7 8. 0-0 0-0 9. Kh1 b6 10. f3 Bb7 11. Be3 b5 12. a4 b4 13. Na2 a5 14. c3 bxc3 15. Nxc3 Na6 16. Qd2 Nb4 17. Rfd1 d5 18. exd5 Nfxd5 19. Nxd5 Bxd5 20. Nc5 Qc8 21. Nd3 Bb3 22. Rdc1 Qf5 23. Qc3 Nd5 24. Qxe5 Qxe5 25. Nxe5 Nxe3 26. Rc3 Nc2 27. Rd1 Bxa4 28. b3 Bb4 29. Rxc2 Bxb3 30. Rdc1 Bxc2 31. Rxc2 Rfe8 32. f4 Bd6 33. Nd3 Rac8 34. Ra2 Rc3 35. Rd2 Rxe2 0-1